000 00377nam a2200121Ia 4500
003 GCL
008 140319s9999 xx 000 0 ara d
040 _aGCL /
_cGCL
082 0 4 _a232
_bفيديو
100 1 _aعلاء كامل صالح العمر
245 1 0 _aالجراج /
_cعلاء كامل صالح العمر
490 _aالهيئة العامة للاستعلامات
_v0
999 _c47672
_d47672